Introduction to nanomaterials and nanotechnology (Record no. 396395)

MARC details
000 -LEADER
fixed length control field 00520 a2200193 4500
005 - DATE & TIME
control field 20260421155322.0
008 - FIXED-LENGTH DATA ELEMENTS--GENERAL INFORMATION
fixed length control field 260421b |||||||| |||| 00| 0 eng d
020 ## - ISBN
International Standard Book Number 9781666871531
Price $ 185.00
040 ## - CATALOGING SOURCE
Original cataloging agency VIVEKANANDA LIBRARY
082 ## - DDC NUMBER
Classification number 620.5
Book Number W694I
100 ## - MAIN ENTRY--PERSONAL NAME
Personal name Wilson, Christopher
245 ## - TITLE STATEMENT
Title Introduction to nanomaterials and nanotechnology
260 ## - PUBLICATION, DISTRIBUTION, ETC. (IMPRINT)
Name of publisher, distributor, etc American Academic Publishers
Date of publication, distribution, etc 2026
Place of publication, distribution, etc Wilmington
300 ## - PHYSICAL DESCRIPTION
Pages x, 301
650 ## - Subject
Subject Technology
650 ## - Subject
Subject Engineering
650 ## - Subject
Subject Nanotechology
942 ## - ADDED ENTRY ELEMENTS (KOHA)
Koha item type Books
Holdings
Withdrawn status Lost status Source of classification or shelving scheme Damaged status Not for loan Location (home branch) Sublocation or collection (holding branch) Shelving location Date acquired Koha issues (times borrowed) Koha full call number Accession No. Koha date last seen Koha item type
    Dewey Decimal Classification     VIVEKANANDA LIBRARY VIVEKANANDA LIBRARY Vivekananda Library 28/01/2026   620.5 W694I 444940 28/01/2026 Books
© Designed and Maintained by Vivekananda Library, MDU Rohtak